01095 a2200169 45000010006000000050017000060080041000230030015000640400040000790800125001192450048002442640028002923000019003205050542003391000021008817000023009023923420260407155651.0260407a arg spa d AR-UNSa-BCEJYS aAR-UNSa-BCEJYSbspacAR-UNSa-BCEJYS a658.012.2xPlanificación. Programas. Planes. Medidas de apoyo a la planificación( Administración estratégica...)10aEstrategias de las empresas multinacionales 1aNew York :bMcGraw-Hill a330 p.c20 cm. a1. La empresa multinacional - 2. Estructura orgánica de las compañias multinacionales - 3. Planificación estratégicas: procesos, conceptos y formas - 4. Fijación de objetivos: examen gerencial y análisis del ambiente y la competencia - 5. Estrategia de comercialización internacional - 6. Estrategia de producción, logística, tecnológica y de personal - 7. Estrategia financiera - 8. Inversión internacional y estrategias de adquisición - 9. Estrategia de posesión - 10. Control internacional de las estrategia 1 aMarino, Mario A.1 aDymsza, William A.